Zoznam stavebných výrobkov a postupy preukazovania zhody Príloha č. 1 k zákonu č. 90/1998 Z.z.
Zoznam stavebných výrobkov, ktorých sa týka preukazovanie zhody certifikáciou, ktorá je doplnená posúdením systému kvality. Príloha č. 2 k zákonu č. 90/1998 Z.z. o stavebných výrobkoch. Grafické znázornenie značky.
Na minha lista:
| Formato: | Capítulo de Livro |
|---|---|
| Idioma: | eslovaco |
| Assuntos: | |
| Tags: |
Sem tags, seja o primeiro a adicionar uma tag!
|
MARC
| LEADER | 00000naa a2200000 4500 | ||
|---|---|---|---|
| 001 | r035141 | ||
| 005 | 20230424125649.7 | ||
| 041 | 0 | |a slo | |
| 044 | |a SK | ||
| 245 | 1 | 0 | |a Zoznam stavebných výrobkov a postupy preukazovania zhody |b Príloha č. 1 k zákonu č. 90/1998 Z.z. |
| 520 | |a Zoznam stavebných výrobkov, ktorých sa týka preukazovanie zhody certifikáciou, ktorá je doplnená posúdením systému kvality. Príloha č. 2 k zákonu č. 90/1998 Z.z. o stavebných výrobkoch. Grafické znázornenie značky. | ||
| 610 | 2 | 0 | |a výrobky stavebné |
| 610 | 2 | 0 | |a posudzovanie zhody výrobkov |
| 610 | 2 | 0 | |a zákony |
| 610 | 2 | 0 | |a Slovensko |
| 610 | 2 | 0 | |a 1998 |